000 00725nam a22002417a 4500
003 SEM
999 _c72187
_d72187
005 20220608074945.0
008 220202s1989 us ||||gr|||||001 0 eng|d
020 _a0300043945
040 _aSEM
_cSEM
041 _aeng
080 _a809.245/K-50
100 _aKittel Bonnie Pedrotti, Hoffer Vicki, Wright Rebecca Abts
245 _aBiblical Hebrew.
_bA text and workbook /
_cB. P. Kittel, V. Hoffer , R. A. Wright
260 _aNew Haven :
_bYale university press,
_c1989.
300 _aXXIII+429 p. ;
_b28 cm
490 _aYale language series
504 _aVocabulary p.: 410-425; Index p.: 426-429
650 _aHebrew
653 _aՍԷՄ
830 _aYale language series
942 _2udc
_cBK